Ẩm thực Trung Quốc
Giới thiệu nguồn gốc nền văn minh ẩm thực Trung Quốc. Trình bày những tập tục ẩm thực thú vị, những lễ nghi trong ẩm thực Trung Quốc
Đã lưu trong:
| Hovedforfatter: | |
|---|---|
| Format: | Bog |
| Sprog: | Undetermined |
| Udgivet: |
Thành phố Hồ Chí Minh
Tổng hợp Thành phố Hồ Chí Minh
2012
|
| Fag: | |
| Tags: |
Tilføj Tag
Ingen Tags, Vær først til at tagge denne postø!
|
| Thư viện lưu trữ: | Trung tâm Học liệu Trường Đại học Cần Thơ |
|---|
| LEADER | 00859nam a2200205Ia 4500 | ||
|---|---|---|---|
| 001 | CTU_221019 | ||
| 008 | 210402s9999 xx 000 0 und d | ||
| 020 | |c 62000 | ||
| 082 | |a 641.5951 | ||
| 082 | |b Nh550 | ||
| 100 | |a Lưu, Quân Như | ||
| 245 | 0 | |a Ẩm thực Trung Quốc | |
| 245 | 0 | |c Lưu Quân Như ; Trương Gia Quyền (dịch) | |
| 260 | |a Thành phố Hồ Chí Minh | ||
| 260 | |b Tổng hợp Thành phố Hồ Chí Minh | ||
| 260 | |c 2012 | ||
| 520 | |a Giới thiệu nguồn gốc nền văn minh ẩm thực Trung Quốc. Trình bày những tập tục ẩm thực thú vị, những lễ nghi trong ẩm thực Trung Quốc | ||
| 650 | |a Nấu ăn, Trung Quốc,Cooking, Chinese | ||
| 904 | |i Hải | ||
| 980 | |a Trung tâm Học liệu Trường Đại học Cần Thơ | ||